كتابات في القضاء المدني والتحكيم : (Record no. 24659)
[ view plain ]
| 000 -الفاتح | |
|---|---|
| حقل البيانات ثابتة الطول | 00893nam a22002535a 4500 |
| 003 - محدد رقم الضبط | |
| رقم الضبط | OSt |
| 005 - وقت وتاريخ اخر تعامل مع التسجيلة | |
| رقم الضبط | 20170412112021.0 |
| 008 - عناصر البيانات ثابتة الطول - معلومات عامة | |
| حقل البيانات ثابتة الطول | 170412s2015 ua frb 000 0 ara d |
| 015 ## - | |
| -- | 2014 / 23902 |
| 020 ## - الرقم الدولى المعيارى للكتب | |
| الرقم الدولى المعيارى للكتاب | 9789770476802 |
| 040 ## - مصدر الفهرسة | |
| وكالة الفهرسة الأصلية | EG-ScBUE |
| لغة الفهرسة | ara |
| وكالة النسخ | EG-ScBUE |
| 043 ## - رمز المنطقة الجغرافية | |
| رمز المنطقة الجغرافية | f-ua--- |
| 082 04 - رقم تصنيف ديوى العشرى | |
| رقم التصنيف | 347.6209 |
| رقم المادة | و ا ل |
| رقم الطبعة | 22 |
| 100 1# - المدخل الرئيسى - إسم شخصى | |
| الإسم الشخصى | والي، فتحي. |
| 245 10 - بيان العنوان | |
| العنوان | كتابات في القضاء المدني والتحكيم : |
| بقية العنوان | بحوث وتعليقات 1961-2014 / |
| بيان المسئوليه,etc | فتحي والي. |
| 260 ## - PUBLICATION, DISTRIBUTION, ETC. (IMPRINT) | |
| مكان الناشر او الموزع | القاهرة : |
| اسم الناشر او الموزع | دار النهضة العربية، |
| تاريخ النشر أو التوزيع | 2015. |
| 300 ## - الوصف المادى | |
| التعداد | 887 ص. ؛ |
| أبعاد الوعاء | 24 سم. |
| 504 ## - تبصرة ببليوجرافية | |
| تبصرة ببليوجرافية,الخ | يشتمل على إرجاعات ببليوجرافية. |
| 650 #7 - المدخل الاضافى بالموضوع-مصطلح موضوعى | |
| مصطلح موضوعي أو اسم جغرافي كعنصر مدخل | القضاء المدني |
| مصدر الرأس أو المصطلح | BUEsh |
| التقسيم الفرعي الجغرافي | مصر. |
| 650 #7 - المدخل الاضافى بالموضوع-مصطلح موضوعى | |
| مصطلح موضوعي أو اسم جغرافي كعنصر مدخل | التحكيم (قانون المرافعات) |
| مصدر الرأس أو المصطلح | BUEsh |
| التقسيم الفرعي الجغرافي | مصر. |
| 651 ## - المدخل الاضافى بالموضوع - اسم جغرافى | |
| مصدر الرأس أو المصطلح | BUEsh |
| 653 ## - مصطلح تكشيفى غير مقيد | |
| Resource For college | Law |
| Arrived date list | April2017 |
| 942 ## - عناصر المدخل الإضافي( كوها) | |
| مصدر التصنيف او مخطط الترفيف | Dewey Decimal Classification |
| حالة التراجع | حالة الفقد | مصدر التصنيف او خطة الترفيف | حالة تلف | ليس للاعارة | مجموعات كوها | المكان الدائم | المكان الحالي | موقع الترفيف | تاريخ الاكتساب | Source of acquisition | سعر الشراء الطبيعي | تعداد مسلسل / التسلسل الزمني | رقم الاستدعاء | الباركود | Date last seen | التكلفة | نوع الوعاء | Date last checked out | مُعار |
|---|---|---|---|---|---|---|---|---|---|---|---|---|---|---|---|---|---|---|---|
| Dewey Decimal Classification | دار النهضة العربية | Central Library | Central Library | First floor | 12/04/2017 | Purchase | 240.00 | 2815 | 347.6209 و ا ل | 000041618 | 15/07/2025 | 300.00 | Book - Borrowing | ||||||
| Dewey Decimal Classification | دار النهضة العربية | Central Library | Central Library | First floor | 12/04/2017 | Purchase | 240.00 | 2815 | 347.6209 و ا ل | 000041619 | 14/01/2024 | 300.00 | Book - Borrowing | 08/03/2025 | 14/01/2024 |